Una representación simulada de circuitos de fuerza eléctrica en un calculador análogo.
Guardat en:
| Autor principal: | |
|---|---|
| Format: | Desconegut |
| Publicat: |
[San José, Costa Rica]
1963
|
| Matèries: | |
| Etiquetes: |
Afegir etiqueta
Sense etiquetes, Sigues el primer a etiquetar aquest registre!
|
MARC
| LEADER | 00000 a2200000 4500 | ||
|---|---|---|---|
| 003 | 011145 | ||
| 005 | 20221231143810.0 | ||
| 008 | 140114s1963 c a m 000 ||s d | ||
| 040 | |c cru CEDI | ||
| 090 | |a TFG 178 | ||
| 100 | |a Reiche Berger, Walter |9 17460 | ||
| 245 | |a Una representación simulada de circuitos de fuerza eléctrica en un calculador análogo. | ||
| 260 | |c 1963 |a [San José, Costa Rica] | ||
| 300 | |a [38] hojas : ilustraciones (plegables) ; 29 cm | ||
| 500 | |a Tesis (Ingeniero eléctrico) Universidad de Costa Rica. | ||
| 650 | |x CIRCUITOS ELECTRICOS |9 17461 | ||
| 942 | |c TFG | ||
| 999 | |c 12151 |d 12151 | ||
